000 00522nam a2200181Ia 4500
999 _c34243
_d34243
003 OSt
005 20210121100651.0
008 190216s9999||||xx |||||||||||||| ||und||
020 _a8187169125
040 _coclc
082 _a531.076
_bYUN/P
100 _aYung-kuo, Lim
_94491
245 0 _aProblems And Solutions On Mechanics /
_cLim Yung-kuo
260 _bSarat Book Distributors,
_c2001.
_aKolkata:
300 _a757p
650 _aPhysics
942 _cBK
_2ddc
_h531.076
_iYOU/P
_k531.076
_mYOU/P